| 000 | 00424pab a2200145 454500 | ||
|---|---|---|---|
| 008 | 180718b1983 xxu||||| |||| 00| 0 eng d | ||
| 100 | _aDhawan, B.D. | ||
| 245 |
_aImpact of irrigation on instability in farm output _bA case study of Tamil Nadu state |
||
| 260 | _c1983 | ||
| 300 | _aA-109-16 | ||
| 362 | _a24 Sept. | ||
| 650 | _aIrrigation - India - Tamil Nadu | ||
| 773 | _aEconomic and Political Weekly | ||
| 909 | _a11443 | ||
| 999 |
_c11443 _d11443 |
||